000 02020nam0a2200385 4500
001 RU\NLR\bibl\1368967
005 20260407202313.0
010 _a978-5-94839-196-0
_9100
021 _aRU
_b2009-21591
_91276
035 _a(nilc)RSL-KNO-004266407
035 _a(NLR Aleph) 001361107
090 _a981797
_c981797
100 _a20090318d2009 |||y0rusy50 ca
101 0 _arus
102 _aRU
105 _ay |||||||||
200 1 _aСловарь по социальной педагогике и социальной работе
_fФедеральное образовательное учреждение высш. проф. образования "Челябинская гос. акад. культуры и искусств", Каф. педагогики и психологии
_g[науч. ред.: д.п.н., проф. Р.А. Литвак]
210 _aЧелябинск
_cЧГАКИ
_d2009
215 _a154 с.
_d21
320 _aБиблиогр.: с. 148-154 (107 назв.)
606 1 _aСоциальная педагогика
_jТерминологические словари
_91062399
_3RU\NLR\auth\66412445
606 1 _aСоциальная работа
_jТерминологические словари
_92037175
_3RU\NLR\auth\661223020
610 0 _aСоциология -- Общественная инженерия. Прикладная социология -- Справочные материалы
686 _aС556.9я2
_2rubbk
686 _aЧ30в2я212
686 _aС550.473я212
702 1 _aЛитвак
_bР. А.
_f1942-
_gРимма Алексеевна
_4570
712 0 2 _4570
_aЧелябинская государственная академия культуры и искусств
_bКафедра педагогики и психологии
_3RU\NLR\AUTH\8810133680
_9763524
801 0 _aRU
_bРКП
_c20090318
_grcr
801 1 _aRU
_bРГБ
_c20090318
801 2 _aRU
_bNLR
_c20090514
_grcr
942 _cBOOK
980 _aNB
980 _aNBR